| 000 | 00483nam a2200169 i 4500 | ||
|---|---|---|---|
| 001 | 71560 | ||
| 003 | ES-MaACL | ||
| 005 | 20230906171150.0 | ||
| 007 | t| | ||
| 008 | 040812s1968 sp ||||1| spa d | ||
| 100 | 1 |
_aGenuyt, F. M. _956367 |
|
| 245 | 1 | 3 |
_aEl misterio de Dios / _cF.M. Genuyt ; [versión de Daniel Ruiz Bueno]. |
| 260 |
_aBarcelona : _bHerder, _c1968. |
||
| 300 |
_a225 p. ; _c22 cm. |
||
| 700 | 1 |
_aRuiz Bueno, Daniel. _9100677 |
|
| 852 |
_aES-MaACL _jC-46812 _bR.67951 |
||
| 999 |
_c71560 _d71560 |
||